Charakteristika Európskeho policajného úradu (EUROPOL)
Európsky policajný úrad (Europol) vo svojej podstate predstavuje policajné koordinačné centrum na zhromažďovanie, analýzu a rozdelenie informácií, ktoré umožňujú, aby sa vyšetrovanie uskutočnilo v dvoch alebo viacerých krajinách Európskej únie. História a ciele Europolu.
Saved in:
| Main Author: | |
|---|---|
| Format: | Book Chapter |
| Language: | Slovak |
| Subjects: | |
| Tags: |
No Tags, Be the first to tag this record!
|
MARC
| LEADER | 00000nla$a2200000$$$4500 | ||
|---|---|---|---|
| 001 | 0067479 | ||
| 005 | 20240502071818.6 | ||
| 041 | 0 | |a slo | |
| 044 | |a SK | ||
| 245 | 1 | 0 | |a Charakteristika Európskeho policajného úradu (EUROPOL) |c Lucia Hurná |
| 520 | |a Európsky policajný úrad (Europol) vo svojej podstate predstavuje policajné koordinačné centrum na zhromažďovanie, analýzu a rozdelenie informácií, ktoré umožňujú, aby sa vyšetrovanie uskutočnilo v dvoch alebo viacerých krajinách Európskej únie. História a ciele Europolu. | ||
| 610 | 2 | 0 | |a Európska únia |
| 610 | 2 | 0 | |a spolupráca medzinárodná |
| 610 | 2 | 0 | |a činnosť trestná |
| 610 | 2 | 0 | |a pranie špinavých peňazí |
| 610 | 2 | 0 | |a terorizmus |
| 610 | 2 | 0 | |a bezpečnosť európska |
| 100 | 1 | |a Hurná, Lucia, 1978- | |